000 00651cam a22002291 4500
001 sa 67000182
003 DLC
005 20260227112312.0
008 890507r1964uuuuio a 000 0 ind
010 _asa 67000182
035 _a(OCoLC)23572149
040 _aDLC
_cMiU
_dDLC
042 _apremarc
050 0 0 _aAS6
_b.H77 1964
100 1 _aHumala, Ch. P.
245 1 0 _aTjara berorganisasi; membimbing kesuatu organisasi jang sehat,
250 _a[Tjet. 3.
260 _aDjakarta]
_bDjambatan
_c[1964]
300 _aviii, 167 p.
_billus.
_c16 cm.
650 0 _aSocieties
_vHandbooks, manuals, etc.
650 0 _aAssociations, institutions, etc.
999 _c71809
_d71809